3-Letter Click Blitz Quiz Stats

Quiz Updated Jul 25, 2016

Challenge
Share
Tweet
Embed
Score 0/30 Timer 03:00
7 Plays Today
% Correct
May
92.5%
NBC
91.6%
Six
89.7%
Wii
89.1%
Doc
88.7%
Rat
87.9%
Pug
87.4%
Rib
84.9%
Why
82.5%
Bam
81.6%
Tan
81.5%
Job
79.8%
Tin
79.1%
Bad
77.4%
edu
73.6%
% Correct
Meg
73.1%
Leo
71.2%
Rho
70.7%
For
66.2%
Sew
61.8%
Pam
61.6%
Han
56.8%
Her
46.9%
Jay
45.1%
Ott
45%
Lek
41.8%
Muk
41.1%
Sif
27.4%
Art
22.9%
Lie
11.7%

You're not logged in!

Compare scores with friends on all Sporcle quizzes.
Sign Up with Email
OR
Log In

You Might Also Like...

Show Comments

Extras

Top Quizzes Today


Score Distribution

Your Account Isn't Verified!

In order to create a playlist on Sporcle, you need to verify the email address you used during registration. Go to your Sporcle Settings to finish the process.